| 000 | 00607nam a2200193 a 4500 | ||
|---|---|---|---|
| 005 | 20140310183441.0 | ||
| 008 | 080521s19uu xx 00 eng d | ||
| 020 | _a9781412945226 | ||
| 050 |
_aLC 3986.G7 _b.D85 2007 |
||
| 100 | _aDukes, Chris | ||
| 245 |
_aWorking with parents of children with special educational needs / _cDukes, Chris |
||
| 260 |
_aLos Angeles : _bPaul Chapman Publishing, _c2008. |
||
| 300 |
_a123 p. : _bill. ; _c30 cm. |
||
| 521 | _aEDU | ||
| 650 |
_aSpecial education _xParent participation _xGreat Britain. |
||
| 700 | _aSmith, Maggie | ||
| 942 |
_cBK _2lcc _kFOR |
||
| 999 |
_c23102 _d23102 |
||